Efektné chemické pokusy /

Hlavní autor: Prokša, Miroslav
Jazyk: Slovenština
Vydáno: Banská Bystrica : Metodické centrum, 1992
Témata:
Fyzický popis: 45 s.
Knihy
Uloženo v:
LEADER 00900nam a22002652a 4500
001 000044122
003 CZ BrMZK
005 20250711145408.0
008 951201s1992 xo f f 0 slo d
020 |a 80-85415-35-6 
040 |a BOA001  |b cze 
072 7 |a 54  |x Chemie. Mineralogické vědy  |2 Konspekt  |9 10 
080 |a 54:001.891.5  |2 MRF 
080 |a (072)  |2 MRF 
100 1 |a Prokša, Miroslav  |7 mzk2005289869 
245 1 0 |a Efektné chemické pokusy /  |c Miroslav Prokša. 
260 |a Banská Bystrica :  |b Metodické centrum,  |c 1992 
300 |a 45 s. 
650 0 7 |a chemické pokusy  |7 ph153078  |2 czenas 
650 0 9 |a chemical experiments  |2 eczenas 
655 7 |a metodické příručky  |7 fd132826  |2 czenas 
655 9 |a methodological manuals  |2 eczenas 
910 |a BOA001  |b PK-N-0030.085 
990 |a BK 
996 7 |b 3119985484  |c PK-N-0030.085  |l MZK  |r Sklad / do 1 hodiny  |n 17  |w 000044122  |u 000010  |a 1  |e BOA001  |j MZK50  |s A